000 01075cam a2200253 a 4500
999 _c332332
_d332332
001 15361248
003 NUST
005 20171124121509.0
008 080710s2008 nyuab b 001 0 eng
010 _a 2008030631
020 _a9781604569001 (hardcover)
020 _a160456900X (hardcover)
035 _a(OCoLC)ocn233798917
040 _aDLC
_cDLC
_dYDXCP
_dBTCTA
_dC#P
_dBWX
_dDLC
050 0 0 _aTD196.M4
_bC38 2008
082 0 0 _a628.52 SAN
_222
245 0 0 _aCauses and effects of heavy metal pollution /
_cMikel L. Sánchez, Editor.
260 _aNew York :
_bNova Science Publishers,
_cc2008.
300 _axiv, 392 p. :
_bill. (some col.), maps (some col.) ;
_c27 cm.
500 _aH.B
504 _aIncludes bibliographical references and index.
650 0 _aHeavy metals
_xEnvironmental aspects.
_93026
700 1 _aSánchez, Mikel L.
_96771
906 _a7
_bcbc
_corignew
_d1
_eecip
_f20
_gy-gencatlg
942 _2ddc
_cBK
_kIESE